| 000 | 00487nam a2200157Ia 4500 | ||
|---|---|---|---|
| 005 | 20241217012552.0 | ||
| 008 | 240331s9999 xx 000 0 und d | ||
| 020 | _a9556100334 | ||
| 082 |
_bWIJ _a823 |
||
| 100 | _aWijenaike, P | ||
| 245 | 4 | _aThe waiting earth | |
| 260 |
_aPadukka _bState Printing Corporation _c1993 |
||
| 300 | _a324 P., | ||
| 500 | _aThe Waiting earth is the longest novel, It is the story a man and his wife, and of their hopes for their three children. | ||
| 942 | _cL | ||
| 999 |
_c3364 _d3364 |
||